Normal view
MARC view
- Beit-Chavezs, Carmelita.
Entry Personal Name
001 - CONTROL NUMBER
- control field: 52449
003 - CONTROL NUMBER IDENTIFIER
- control field: OSt
005 - DATE AND TIME OF LATEST TRANSACTION
- control field: 20240215092631.0
008 - FIXED-LENGTH DATA ELEMENTS
- fixed length control field: 240215|| aca||aabn | a|a d
040 ## - CATALOGING SOURCE
- Original cataloging agency: OSt
- Transcribing agency: OSt
100 ## - HEADING--PERSONAL NAME
- Personal name: Beit-Chavezs, Carmelita.
670 ## - SOURCE DATA FOUND
- Source citation: Work cat.: (OSt): Beit-Chavezs, Carmelita., Non-institutional corrections /, ©2023.
